| 000 | 01923nam a2200517 a 4500 | ||
|---|---|---|---|
| 001 | 21955 | ||
| 003 | VRT | ||
| 005 | 20260316114124.0 | ||
| 008 | 160610s2011 xo bocac e 001 0 slo | ||
| 015 | _aSNBA2012/05-02843 | ||
| 020 | _a9788081074394 (brož.) | ||
| 035 | _aE91172A4-D9BC-4E81-879D-1FD19F761572 | ||
| 035 | _aurn:nbn:sk:snk-amlc9s | ||
| 035 | _aurn:nbn:sk:snk-am00912e | ||
| 039 | 9 |
_a202305090743 _bAUTHORITY _c202305031540 _dAUTHORITY _c201606101911 _dVLOAD _c201507071641 _dVLOAD |
|
| 040 |
_aSNK _bslo _cSNK _eAACR2 |
||
| 041 | 1 |
_aslo _heng |
|
| 044 |
_axo _cSK |
||
| 072 | 7 |
_a00 _xVeda. Všeobecnosti. Základy vedy a kultúry. Vedecká práca _2konspekt |
|
| 072 | 7 |
_a0/9-053.2 _xLiteratúra pre deti a mládež (náučná) _2konspekt |
|
| 080 |
_a0/9 _22001 |
||
| 080 |
_a(031) _22001 |
||
| 080 |
_a(0.053.2) _22001 |
||
| 240 | 1 | 0 |
_aTrain your brain _lSlovensky |
| 245 | 0 | 0 |
_aVeľká kniha otázok a odpovedí _c[z anglického vydania preložil Martin Lukáč] |
| 250 | _a1. slov. vyd. | ||
| 260 |
_aBratislava _bSvojtka _c2011 |
||
| 300 |
_a319 s. _bfotogr., ilustr., mp., portréty _c28 cm |
||
| 504 | _aTerminol. slov. Reg. | ||
| 650 | 0 | 7 |
_avšeobecné vedomosti _2SNKPH |
| 650 | 0 | 7 |
_avšeobecnosti a zaujímavosti _2SNKPH |
| 650 | 0 | 7 |
_aGeneral knowledge _2SNKPHeng |
| 650 | 0 | 7 |
_aFacts and features _2SNKPHeng |
| 655 | 7 |
_aencyklopédie _2SNKPH |
|
| 655 | 7 |
_apublikácie pre deti _2SNKPH |
|
| 655 | 7 |
_aEncyclopedias _2SNKPHeng |
|
| 655 | 7 |
_aChildren’s literature _2SNKPHeng |
|
| 700 | 1 |
_aLukáč, Martin, _d1971 október 31.- _4trl |
|
| 942 |
_2ddc _cOLDE _n0 |
||
| 949 |
_617A0877810 _asnkSB 82541 _bsnk2012/4133 _o482/12 _s6100:20140925 |
||
| 949 |
_617A0877811 _asnkSB 82541 D1 _bsnk2012/4134 _o4782/12 |
||
| 949 |
_6273K0542554 _asvkpoC 52193 _bsvkpo546632 |
||
| 949 |
_62889177745 _asavukPV 15985 _bsavuk2012/1089 |
||
| 949 |
_60174027021 _alesknPRINT _blesknBD2013/20209 |
||
| 980 | _a030 | ||
| 999 |
_c21955 _d21955 |
||